| 000 | 00787nab a2200217 i 4500 | ||
|---|---|---|---|
| 001 | 768714001 | ||
| 003 | CO-MdFUSB | ||
| 005 | 20240612125710.0 | ||
| 008 | 240612t1961 sp ||||| |||| 00| 0 spa d | ||
| 040 |
_bspa _cCO-MdFUSB _dCO-MdFUSB |
||
| 041 | _aspa | ||
| 100 |
_aUbeda Purkiss, Manuel, _eautor |
||
| 245 | 3 |
_aLa naturaleza del "Sensus Communis" en la psicología de Santo Tomás _c/ Manuel Úbeda Purkiss |
|
| 650 | 7 |
_aFilosofía y religión _9198 |
|
| 650 | 7 |
_aPsicología _96973 |
|
| 650 | 7 |
_aFe y razón _9532 |
|
| 653 | _aSentido común | ||
| 773 | 0 |
_070126 _982754 _dSalamanca, España : _oR2629 _tSalmanticensis _w(CO-MdFUSB)768714001 _gVolumen 8, (fascículo 2, 1961) páginas: 295 - 336 _qpágina: 295 |
|
| 942 | _cANA | ||
| 945 | _aCatherine Arias Álvarez - Practicante SENA | ||
| 999 |
_c70163 _d70163 |
||